000 00461nam a2200181Ia 4500
001 20369
005 20260306172801.0
008 260306t2003||||xx |||||||||||||| ||spa||
041 _aESP
082 _a343.2
_bV66
100 _aVillacorta Michelena, Alberto, 1963-
_eAUT
245 0 _aLos límites de la reforma constitucional
260 _c2003
300 _aviii, 297 páginas :
_c21 cm.
650 _aGEN
654 _aCDE
942 _cLIB
_dJUS
_fJUS
_2ddc
_n
999 _c20369
_d20369